000
00298nam a22001337a 4500
020
_a
978-0-143-02829-1
082
_a
200
_b
KER/J
100
_a
KERSTEN, HOLGER
245
_a
JESUS LIVED IN INDIA
260
_a
DELHI
_b
PENGUIN BOOKS
_c
2001
300
_a
320
650
_a
SPIRITUAL
_z
INDIA
942
_c
BK
999
_c
4786
_d
4786